000 00841nam a2200253Ia 4500
003 OSt
005 20220923212939.0
006 a|||||r|||| 00| 0
007 ta
008 220922b |||||||| |||| 00| 0 hin d
024 _a157,235
037 _cTextual
040 _aARTS
_cARTS
_bhin
041 _2hin
_ahin
082 _aO152:gN7, M1
100 _aतिवारी, रामचन्द्र
245 0 _aआलोचक का दायित्व
246 _aĀlochak kā dāyitva
260 _aवाराणसी
_b विश्वद्यिालय प्रकाशन
_c1981
300 _a140 पृ.
_ccm.
650 _aहिन्दी साहित्य
_9156264
942 _hO152:gN7, M1
_cTEXL
_2CC
999 _c312452
_d312452